00000000nas##2200000za#4500
0019.511678
003CaOODSP
00520210319125638
007ta
008150406c2009||||xxc|| m #||||f|   |0eng|d
040 |aCaOODSP|beng
041 |aeng
041 |afre
043 |an-cn---
0861 |aFs73-2010
1102 |aCanadian Hydrographic Service.
24510|aCanadian tide and current tables, 2010
260 |aOttawa - Ontario : |bFisheries and Oceans Canada. |c2009.
5203 |aTide and current tables predict the times and heights of high and low tides, the times for slack water, and times when currents will be at maximum velocity. Tide tables are used to obtain the depth of water under the keel or over a shoal, for anchoring, and for deciding when to beach a boat. Current tables ensure safe navigation, especially when under sail, navigating narrow passes or channels with strong currents, or the wind is against the current.
563 |aSoftcover
792 |tTables des marées et courants du Canada, 2010 |efre|w(CaOODSP)9.511679